Effectifs des clubs de Ligue 1 (2025-2026) - Statistiques

Statistiques générales
  • Ce quiz a été pris 237 fois
  • Le résultat moyen est 177 sur 478
Statistiques - réponses
Réponse % Correct
Ousmane Ba
94%
Kang-in Lee
84%
Lucas Chevalier
84%
Marquinhos
84%
Achraf Hakimi
83%
Ousmane Dembélé
83%
Désiré Doué
82%
Guéla Doué
82%
João Neves
82%
Nuno Mendes
82%
Vitinha
82%
Fabián Ruiz
81%
Lucas Hernández
81%
Valentín Barco
81%
Willian Pacho
81%
Bradley Barcola
80%
Gonçalo Ramos
80%
Mason Greenwood
80%
Pierre-Emerick Aubameyang
80%
Warren Zaïre-Emery
80%
Bingourou Kamara
79%
Glen Kamara
79%
Matvey Safonov
79%
Noham Kamara
79%
Lucas Beraldo
78%
Malick Fofana
78%
Rayan Fofana
78%
Seko Fofana
78%
Gerónimo Rulli
77%
Anthony Lopes
76%
Brice Samba
76%
Adama Camara
75%
Amady Camara
75%
Ibrahim Mbaye
75%
Ilya Zabarnyi
75%
Lamine Camara
75%
Leonardo Balerdi
75%
Mahdi Camara
75%
Malick Mbaye
75%
Ousmane Camara
75%
Amine Gouiri
74%
Benjamin Pavard
73%
Emmanuel Emegha
73%
Khvicha Kvaratskhelia
73%
Nayef Aguerd
73%
Olivier Giroud
73%
Emerson
72%
Senny Mayulu
72%
Boubacar Traoré
71%
Corentin Tolisso
71%
Hamari Traoré
71%
Hamed Traoré
71%
Aleksandr Golovin
70%
Florian Thauvin
70%
Maghnes Akliouche
70%
Afonso Moreira
69%
Diego Moreira
69%
Hervé Koffi
69%
Timothy Weah
69%
Estéban Lepaul
68%
Geoffrey Kondogbia
68%
Kevin Trapp
68%
Folarin Balogun
67%
Pierre-Emile Højbjerg
66%
Takumi Minamino
66%
Angel Gomes
65%
Igor Paixão
65%
Julien Lopez
65%
Ludovic Ajorque
65%
Maxime Lopez
65%
André Gomes
64%
Facundo Medina
64%
Yehvann Diouf
64%
Amir Murillo
63%
Breel Embolo
63%
Dante
63%
Guillaume Restes
63%
Nicolás Tagliafico
63%
Benjamin André
62%
Joaquín Panichelli
62%
Malang Sarr
61%
Mamadou Sarr
61%
Martíin Satriano
61%
Mika Biereth
60%
Paul Pogba
60%
Pavel Sulc
60%
Thilo Kehrer
60%
Thomas Meunier
60%
Valentin Rongier
60%
Clinton Mata
59%
Denis Zakaria
59%
Ilan Kebbal
59%
Adrien Thomasson
58%
Ainsley Maitland-Niles
58%
Arthur Vermeeren
58%
CJ Egan-Riley
58%
Hákon Arnar Haraldsson
58%
Jonathan Clauss
58%
Mike Penders
58%
Mostafa Mohamed
58%
Moussa Niakhaté
58%
Przemyslaw Frankowski
58%
Robin Risser
58%
Tyler Morton
58%
Himad Abdelli
57%
Pierre Lees-Melou
57%
Quentin Merlin
57%
Renato Marin
57%
Saliou Diop
57%
Sofiane Diop
57%
Tanner Tessmann
57%
Vanderson
57%
Bilal Nadir
56%
Ernest Nuamah
56%
Florian Sotoca
56%
Matt O'Riley
56%
Odsonne Édouard
56%
Wesley Saïd
56%
Caio Henrique
55%
Donovan Léon
55%
Matthis Abline
55%
Melvin Bard
55%
Moses Simon
55%
Dominik Greif
54%
Pol Lirola
54%
Ulisses Garcia
54%
Ayyoub Bouaddi
53%
Chancel Mbemba
53%
Ludovic Blas
53%
Lukas Hradecky
53%
Robinio Vaz
53%
Terem Moffi
53%
Krépin Diatta
52%
Matías Fernández-Pardo
52%
Adam Karabec
51%
Ansu Fati
51%
Berke Özer
51%
Deiver Machado
51%
Eric Dier
51%
Radoslaw Majecki
51%
Rémy Descamps
51%
Romain Del Castillo
51%
Abner
50%
Hamza Igamane
50%
Jeffrey de Lange
50%
Khalis Merah
50%
Lassine Sinayoko
50%
Nabil Bentaleb
50%
Neal Maupay
50%
Ruben Kluivert
50%
Aïssa Mandi
49%
Julio Enciso
49%
Mamadou Sangaré
49%
Rachid Ghezzal
49%
Fodé Ballo-Touré
48%
Jordan Teze
48%
Mousa Tamari
48%
Quentin Ndjantou
48%
Sebastian Nanasi
48%
Yvon Mvogo
48%
Abdoulaye Bamba
47%
Abdoulaye Touré
47%
Aladji Bamba
47%
Alpha Touré
47%
Brendan Chardonnet
47%
Hugo Magnetti
47%
Isaak Touré
47%
Mohamed Bamba
47%
Mohammed Salisu
47%
Ousmane Touré
47%
Ruben Aguilar
47%
Abdallah Sima
46%
Kader Meïté
46%
Mory Diaw
46%
Philipp Köhn
46%
Aron Dønnum
45%
Bamo Meïté
45%
Jonathan Gradit
45%
Matthieu Udol
45%
Tiago Santos
45%
Alpha Diallo
44%
Ben Chilwell
44%
Bradley Locko
44%
Charlie Cresswell
44%
Gauthier Hein
44%
Habib Diallo
44%
Jean-Philippe Krasso
44%
Jérémy Jacquet
44%
Kendry Páez
44%
Alexsandro
43%
Darryl Bakola
43%
Kamory Doumbia
43%
Lilian Brassier
43%
Obed Nkambadio
43%
Orel Mangala
43%
Pablo Pagis
43%
Ali Abdi
42%
Djibril Coulibaly
42%
Hans Hateboer
42%
Kenny Lala
42%
Lasso Coulibaly
42%
Mama Baldé
42%
Mamadou Coulibaly
42%
Morgan Sanson
42%
Soumaïla Coulibaly
42%
Jérémie Boga
41%
Lamine Sy
41%
Osame Sahraoui
41%
Pape Sy
41%
Juma Bah
40%
Otávio
40%
Saud Abdulhamid
40%
Sidike Chérif
40%
William Geubbels
40%
Yann Gboho
40%
Félix Correia
39%
Hicham Boudaoui
39%
Johann Lepenant
39%
Louis Leroux
38%
Mohamed-Ali Cho
38%
Nathan Ngoy
38%
Romain Perraud
38%
Djibril Sidibé
37%
Rubén Blanco
37%
Abdelhamid Ait Boudlal
36%
Antoine Mendy
36%
Bamba Dieng
36%
Lassine Diarra
36%
Mathys De Carvalho
36%
Moïse Bombito
36%
Montassar Talbi
36%
Prosper Peter
36%
Samir El Mourabet
36%
Thibault De Smet
36%
Fodé Doucouré
35%
Frank Magri
35%
Jonathan Ikoné
35%
Laurent Abergel
35%
Ngal'ayel Mukau
35%
Pierrick Capelle
35%
Samson Baidoo
35%
Sékou Doucouré
35%
Anthony Rouault
34%
Gautier Lloris
34%
Ismaël Doukouré
34%
Kévin Danois
34%
Arnaud Bodart
33%
Grégoire Coudert
33%
Haris Belkebla
33%
Julien Le Cardinal
33%
Rasmus Nicolaisen
33%
Tylel Tati
33%
George Ilenikhena
32%
Jordan Lefort
32%
Martial Godo
32%
Sékou Mara
32%
Sinaly Diomandé
32%
Yousef El Arabi
32%
Youssouf Ndayishimiye
32%
Emersonn
31%
Félix Lemaréchal
31%
Ismaëlo Ganiou
31%
Jim Allevinah
31%
Samir Chergui
31%
Abdoul Ouattara
30%
Alidu Seidu
30%
Christian Mawissa
30%
Cristian Cásseres Jr.
30%
Enzo Molebe
30%
Ethan Mbappé
30%
Josué Casimir
30%
Kassoum Ouattara
30%
Mark McKenzie
30%
Maxime Dupé
30%
Calvin Verdonk
29%
Herba Guirassy
29%
Jhoanner Chávez
29%
Loïc Nego
29%
Lucas Høgsberg
29%
Yassine Kechta
29%
Abakar Sylla
28%
Carlens Arcus
28%
Charles Vanhoutte
28%
Fabien Centonze
28%
Fodé Sylla
28%
Arouna Sangante
27%
Chidozie Awaziem
27%
Dayann Methalie
27%
Djaoui Cissé
27%
Jonathan Fischer
27%
Nicolas Cozza
27%
Salis Abdul Samed
27%
Aiyegun Tosin
26%
Régis Gurtner
26%
Vincent Marchetti
26%
Alejandro Gomes Rodríguez
25%
Amine Sbaï
25%
Arsène Kouassi
25%
Igor Silva
25%
Kelvin Amian
25%
Marius Broholm
25%
Santiago Hidalgo
25%
Gauthier Gallon
24%
Téo Barisic
24%
Théo Le Bris
24%
Florent Hanin
23%
Karl-Johan Johnsson
23%
Morgan Guilavogui
23%
Alimami Gory
22%
Clément Akpa
22%
Ibou Sané
22%
Issa Soumaré
22%
Joris Chotard
22%
Junior Mwanga
22%
Kevin Carlos
22%
Paris Brunner
22%
Rassoul Ndiaye
22%
Sadibou Sané
22%
Théo De Percin
22%
Andrew Omobamidele
21%
Gideon Mensah
21%
Danny Namaso
20%
Eduard Sobol
20%
Elisha Owusu
20%
Kjetil Haug
20%
Lilian Raolisoa
20%
Melvin Zinga
20%
Pathé Mboup
20%
Rémy Labeau Lascary
20%
Samuel Amo-Ameyaw
20%
Tanguy Ndombélé
20%
Yassin Belkhdim
20%
Francis Coquelin
19%
Francisco Sierralta
19%
Isak Jansson
19%
Jacques Ekomié
19%
Jean-Victor Makengo
19%
Junior Diaz
19%
Louis Mouton
19%
Nidal Celik
19%
Tom Louchet
19%
Yann Lienard
19%
Achraf Laâziri
18%
Ally Samatta
18%
François Mughe
18%
Mohamed Abdelmonem
18%
Moustapha Mbow
18%
Andrija Bulatovic
17%
Benjamin Stambouli
17%
Mahamadou Nagida
17%
Mario Sauer
17%
Saïdou Sow
17%
Fredrik Oppegård
16%
Marius Courcoul
16%
Mathis Amougou
16%
Niklas Schmidt
16%
Noah Edjouma
16%
Panos Katseris
16%
Patrik Carlgren
16%
Yassine Benhattab
16%
Hyeok-kyu Kwon
15%
Lucas Tousart
15%
Marc-Aurèle Caillard
15%
Maxime Colin
15%
Rafael Luís
15%
Warren Kamanzi
15%
Assane Dioussé
14%
Cheikh Sabaly
14%
Jean-Philippe Gbamin
14%
Jessy Deminguet
14%
Lamine Gueye
14%
Lohann Doucet
14%
Maxi Oyedele
14%
Nhoa Sangui
14%
Rafik Messali
14%
Reda Khadra
14%
Tiago Gouveia
14%
Timothée Kolodziejczak
14%
Arthur Avom
13%
Ayumu Seko
13%
Dehmaine Tabibou
13%
Hamzat Ojediran
13%
Ibrahim Osman
13%
Jelle Van Neck
13%
Junior Dina Ebimbe
13%
Kojo Peprah Oppong
13%
Pierre-Yves Hamel
13%
Sambou Soumano
13%
Abu Francis
12%
Alexis Vossah
12%
Daouda Guindo
12%
Darlin Yongwa
12%
Giorgi Abuashvili
12%
Giorgi Tsitaishvili
12%
Julián Vignolo
12%
Koffi Kouao
12%
Oussama El Azzouzi
12%
Rabby Nzingoula
12%
Rafael Fernandes
12%
Rémy Riou
12%
Rudy Matondo
12%
Sofiane Alakouch
12%
Stanis Idumbo
12%
Stefan Bajic
12%
Tuomas Ollila
12%
Uros Radakovic
12%
Abdoulaye Faye
11%
Álex Domínguez
11%
Anthony Bermont
11%
Emmanuel Biumla
11%
Hyun-seok Hong
11%
Lanroy Machine
11%
Marvin Senaya
11%
Mayckel Lahdo
11%
Ugo Raghouber
11%
Yanis Zouaoui
11%
Alexis Mirbach
10%
Brian Madjo
10%
Étienne Youté Kinkoué
10%
Joel Mvuka
10%
Kyllian Antonio
10%
Mathieu Cafaro
10%
Bahmed Deuff
9%
Joel Asoro
9%
Lucas Michal
9%
Luck Zogbé
9%
Noah Cadiou
9%
Noah Jauny
9%
Nordan Mukiele
9%
Seny Koumbassa
9%
Thomas Delaine
9%
Félix Mambimbi
8%
Hamidou Makalou
8%
Ilan Jourdren
8%
Morgan Bokele
8%
Telli Siwe
8%
Damián Pizarro
7%
Oumar Pona
7%
Paul Argney
7%
Raphaël Le Guen
7%
Tom Negrel
7%
Enzo Faty
6%
Justin Bourgault
6%
Mathys Silistrie
6%
Michel Mboula
6%
Nathan Buayi-Kiala
6%
Nathaniel Adjei
6%
Nouha Dicko
6%
Tidiane Devernois
6%
Adel Mahamoud
5%
Bandiougou Fadiga
5%
Bartosz Zelazowski
5%
Cléo Mélières
5%
Dermane Karim
5%
Elikya Legros
5%
Gabin Bernardeau
5%
Jules Stawiecki
5%
Lionel Mpasi-Nzau
5%
Louis Mezerette
5%
Ryan Rodin
5%
Terry Yegbe
5%
Yannis Lawson
5%
Alvin Petit Dol
4%
Benjamin Leroy
4%
Bernard Nguene
4%
Daren Mosengo
4%
Elysée Logbo
4%
Godson Kyeremeh
4%
Ismaël Guerti
4%
Joseph Mangondo
4%
Justin Kalumba
4%
Marius Louër
4%
Simon Ebonog
4%
Stephan Zagadou
4%
Trevan Sanusi
4%
Younes Namli
4%
Dan Sinaté
3%
Guy-Noël Zohouri
3%
Aucun quiz correspondant
Distribution des résultats
% des personnes avec chaque résultat
Percentile par nombre de réponses
Votre historique - résultats
Vous n’avez pas pris ce quiz